[Event "Challenge"]
[Site "http://www.queenalice.com/game.php?id=1036685"]
[Date "2012.3.6"]
[Round "-"]
[White "aquatico"]
[Black "skorpion"]
[Result "0-1"]
[WhiteElo "1910"]
[BlackElo "2707"]

1. g4 d5 2. Bg2 c6 3. h3 e5 4. d3 h5 5. g5 Be6 6. h4 Bd6 7. Bh3 Bxh3 8. Rxh3 Ne7
9. e4 Nd7 10. Nc3 Qb6 11. Qd2 O-O-O 12. a3 Kb8 13. b3 f5 14. Bb2 d4 15. Nce2
fxe4 16. dxe4 Nc5 17. Ng3 Ng6 18. N1e2 Rhf8 19. Rh2 d3 20. Nc1 Rf3 21. b4 Rxg3
22. fxg3 Nxe4 23. Qg2 Bxb4+ 24. axb4 dxc2 25. Ne2 Qxb4+ 26. Nc3 Qxb2 27. Qxc2
Qxa1+ 28. Nb1 Qd4 29. Nd2 Qe3+ 30. Kf1 Nxg3+ 0-1

[Event "Chess"]
[Site "http://www.queenalice.com/game.php?id=1037372"]
[Date "2012.3.9"]
[Round "-"]
[White "Conde7"]
[Black "aquatico"]
[Result "1-0"]
[WhiteElo "2717"]
[BlackElo "1886"]

1. a3 e5 2. c4 c5 3. e3 Nf6 4. Nc3 d5 5. cxd5 Nxd5 6. Nf3 Nxc3 7. bxc3 Bd6 8. d4
exd4 9. cxd4 O-O 10. dxc5 Bxc5 11. Qc2 Qd6 12. Ng5 g6 13. Bb2 Bf5 14. Qc3 f6 15.
g4 h6 16. gxf5 hxg5 17. fxg6 Qc6 18. h4 Qxh1 19. Qxc5 Nd7 20. Qe7 Qxh4 21. Bc4+
Kh8 22. g7+ 1-0

[Event "Let's Play Chess!"]
[Site "http://www.queenalice.com/game.php?id=1037401"]
[Date "2012.3.9"]
[Round "-"]
[White "Elafsson"]
[Black "aquatico"]
[Result "1-0"]
[WhiteElo "2108"]
[BlackElo "1918"]

1. e4 e6 2. d4 d5 3. e5 c6 4. Nf3 Qa5+ 5. c3 b5 6. Bd3 b4 7. O-O Ba6 8. a3 bxc3
9. bxc3 Bxd3 10. Qxd3 Qc7 11. Nbd2 Be7 12. c4 Nd7 13. c5 f6 14. Bb2 Rb8 15. exf6
Bxf6 16. Bc3 Qd8 17. Rfe1 Nf8 18. Ne5 Bxe5 19. Rxe5 Qf6 20. Rae1 Kd8 21. Qa6 Ne7
22. Ba5+ Ke8 23. Qxa7 Rb2 24. Qc7 Kf7 25. Nf3 Kg6 26. h4 Nf5 27. Bd2 h5 28. Bg5
Qf7 29. Qxc6 Nxd4 30. Qa6 Nd7 31. Qd3+ Nf5 32. Rxe6+ Kh7 33. Bc1 1-0

[Event "Challenge"]
[Site "http://www.queenalice.com/game.php?id=1037680"]
[Date "2012.3.9"]
[Round "-"]
[White "aquatico"]
[Black "kaskarker"]
[Result "1-0"]
[WhiteElo "1908"]
[BlackElo "1759"]

1. e3 e5 2. c4 Bc5 3. d4 exd4 4. exd4 Qe7+ 5. Be2 Bb4+ 6. Nc3 Nf6 7. Bd2 c5 8.
Nf3 Ne4 9. Nxe4 Qxe4 10. Bxb4 cxb4 11. Qd2 a5 12. Kd1 O-O 13. Bd3 Qg4 14. Qg5 d6
15. h3 Qe6 16. Re1 Qd7 17. Qh5 g6 18. Qh6 f6 19. c5 d5 20. a4 Qg7 21. Qxg7+ Kxg7
22. Bb5 Nc6 23. Bxc6 bxc6 24. Re7+ Rf7 25. Re8 Rfa7 26. Kd2 Kf7 27. Rae1 Ba6 28.
R8e6 Rc7 29. g4 Rh8 30. g5 fxg5 31. Nxg5+ Kg7 32. Rd6 Kh6 33. Ne6 Rcc8 34. f4
Ra8 35. f5 Bc8 36. Rxc6 Bxe6 37. Rexe6 Rhg8 38. fxg6 hxg6 39. Re7 Rgf8 40. Ree6
Rf2+ 41. Ke3 Rg2 42. Kf3 Rg5 43. h4 Rf5+ 44. Kg4 Rg8 45. Ra6 Rf2 46. Rxa5 Rxb2
47. Rb5 b3 48. Rbb6 Rd2 49. a5 Rxd4+ 50. Kf3 Rf8+ 51. Ke3 Rg4 52. a6 Rg3+ 53.
Kd4 Rg4+ 54. Kxd5 Rf5+ 55. Kc6 Rc4 56. a7 Rcxc5+ 57. Kb7 1-0

[Event "Challenge"]
[Site "http://www.queenalice.com/game.php?id=1038307"]
[Date "2012.3.12"]
[Round "-"]
[White "aquatico"]
[Black "onfs2"]
[Result "0-1"]
[WhiteElo "1843"]
[BlackElo "1920"]

1. g4 d5 2. h3 e5 3. Bg2 c6 4. d4 e4 5. Be3 Be7 6. Qd2 h6 7. Na3 Bg5 8. Bf4 Qf6
9. Bxg5 hxg5 10. f3 Qg6 11. c4 Be6 12. cxd5 cxd5 13. Qc2 e3 14. Qxg6 fxg6 15.
Nb5 Kd7 16. Rc1 Nc6 17. Rc3 a6 18. Na3 Nxd4 19. Rd3 Nc6 20. Rxe3 d4 21. Rd3 Bxa2
22. e3 Re8 23. e4 Kd6 24. Ne2 Kc5 25. O-O Bc4 26. Nxc4 Kxc4 27. Ra3 Kc5 28. Rc1+
Kb6 29. b4 Kb5 30. Bf1 Kxb4 31. Raa1 Re7 32. Rab1+ Ka5 33. Ra1+ Kb6 34. Rc4 Rd7
35. Rca4 d3 36. Rb1+ Ka7 37. Nc3 Ne5 38. Kf2 Ne7 39. Ke3 Rc8 40. Nb5+ Kb8 41.
Nd4 N7c6 42. Nxc6+ Rxc6 43. Rbb4 Rc1 44. Rxa6 Rxf1 45. Raa4 Rxf3+ 46. Kd2 Rxh3
47. Ra5 Rh2+ 48. Kc3 Rc2+ 49. Kb3 Nc6 50. Rxb7+ Kxb7 51. Ra1 Ne5 52. Rd1 Rdc7
53. Ka4 Rc1 54. Rd2 Ka6 55. Ra2 Rb7 56. Ra3 Rc4# 0-1

[Event "Challenge"]
[Site "http://www.queenalice.com/game.php?id=1038317"]
[Date "2012.3.12"]
[Round "-"]
[White "aquatico"]
[Black "pomar"]
[Result "0-1"]
[WhiteElo "1922"]
[BlackElo "2017"]

1. g4 d5 2. h3 c5 3. Bg2 Nc6 4. d3 e5 5. Be3 f5 6. f4 exf4 7. Bxf4 Qh4+ 8. Kd2
fxg4 9. Kc1 gxh3 10. Qf1 hxg2 11. Qxg2 Qxf4+ 12. Nd2 Nf6 13. Nf3 Bg4 14. c3 Bxf3
15. exf3 O-O-O 16. Kc2 g6 17. Qf2 d4 18. Rh4 Qc7 19. Ne4 Nxe4 20. fxe4 Be7 21.
Rh3 Rdf8 22. Qg2 Qf4 23. Kb3 Na5+ 24. Ka4 Qc7 25. c4 Qb6 26. Qd2 Nc6 27. Ka3
Qb4+ 28. Qxb4 Nxb4 29. Kb3 Rf2 30. a3 Nc6 31. Rah1 h5 32. Rg1 g5 33. Re1 g4 34.
Rhh1 g3 35. e5 g2 36. Rhg1 h4 37. Re4 h3 38. Ka4 Rf1 39. Re1 Rxe1 40. Rxe1 h2
41. b3 g1=Q 42. Re2 h1=Q 43. e6 Nb4 0-1

[Event "Challenge"]
[Site "http://www.queenalice.com/game.php?id=1041312"]
[Date "2012.3.21"]
[Round "-"]
[White "TonyCM"]
[Black "aquatico"]
[Result "1-0"]
[WhiteElo "1637"]
[BlackElo "1887"]

1. Nf3 d5 2. d4 Nf6 3. e3 Bd7 4. Nc3 a6 5. Ne5 b5 6. Nxd7 Qxd7 7. Be2 e6 8. Bd2
b4 9. Nb1 c5 10. a3 Ne4 11. axb4 Nxd2 12. Qxd2 cxb4 13. b3 a5 14. c3 Qb7 15. c4
Be7 16. Ra4 O-O 17. Qa2 Nc6 18. c5 e5 19. O-O exd4 20. Bf3 dxe3 21. Bxd5 exf2+
22. Qxf2 Bf6 23. Nd2 Bd4 24. Qxd4 Nxd4 25. Bxb7 Rad8 26. Rxa5 Rfe8 27. Nf3 Nxb3
28. Rb5 Re7 29. Rxb4 Nxc5 30. Bc6 1-0

[Event "Challenge"]
[Site "http://www.queenalice.com/game.php?id=1041697"]
[Date "2012.3.22"]
[Round "-"]
[White "aquatico"]
[Black "Pato"]
[Result "0-1"]
[WhiteElo "1881"]
[BlackElo "2165"]

1. b4 a5 2. b5 c5 3. a4 b6 4. e3 d5 5. d4 Nf6 6. Be2 c4 7. f3 Bb7 8. Nc3 e6 9.
Qd2 Bb4 10. Ba3 O-O 11. Bxb4 axb4 12. Nd1 c3 13. Qd3 Nbd7 14. Nf2 e5 15. Ng4 e4
16. Nxf6+ Nxf6 17. Qd1 exf3 18. Bxf3 Re8 19. Qd3 Ne4 20. Ne2 Qh4+ 21. g3 Qh6 22.
O-O Re7 23. Bxe4 Rxe4 24. Rf4 Rae8 25. Rxe4 dxe4 26. Qd1 Qxe3+ 27. Kg2 Qd2 28.
Kg1 e3 29. Qf1 Qxc2 30. a5 Qe4 0-1

[Event "Challenge"]
[Site "http://www.queenalice.com/game.php?id=1041699"]
[Date "2012.3.22"]
[Round "-"]
[White "aquatico"]
[Black "FerreiraAzevedo"]
[Result "0-1"]
[WhiteElo "1887"]
[BlackElo "2546"]

1. b4 e5 2. Bb2 Nf6 3. Bxe5 Bxb4 4. a3 Ba5 5. Nf3 d5 6. e3 O-O 7. Bxf6 Qxf6 8.
c3 c5 9. d4 Nc6 10. Be2 cxd4 0-1

[Event "Challenge"]
[Site "http://www.queenalice.com/game.php?id=1041700"]
[Date "2012.3.22"]
[Round "-"]
[White "aquatico"]
[Black "majawi"]
[Result "0-1"]
[WhiteElo "1876"]
[BlackElo "2230"]

1. b4 d5 2. Bb2 a5 3. b5 c6 4. e3 Nf6 5. h3 cxb5 6. Bxb5+ Nc6 7. Qf3 Bd7 8. Bxf6
Nb4 9. Bxe7 Bxe7 10. Bd3 Bf6 11. c3 Nxd3+ 12. Kf1 Bb5 13. Na3 Ne5+ 0-1

[Event "Challenge"]
[Site "http://www.queenalice.com/game.php?id=1041727"]
[Date "2012.3.22"]
[Round "-"]
[White "favos"]
[Black "aquatico"]
[Result "1-0"]
[WhiteElo "2025"]
[BlackElo "1843"]

1. e4 Nc6 2. d4 d5 3. Nc3 dxe4 4. d5 Nb8 5. Nxe4 Nf6 6. Nxf6+ exf6 7. Bf4 g5 8.
Bg3 f5 9. Qe2+ Qe7 10. Qxe7+ Bxe7 11. Bxc7 Na6 12. Bxa6 bxa6 13. O-O-O O-O 14.
d6 Bd8 15. Nf3 f6 16. Bxd8 Rxd8 17. c4 g4 18. Nh4 Be6 19. c5 Rac8 20. b4 a5 21.
a3 axb4 22. axb4 a5 23. Rhe1 Bb3 24. Rd3 a4 25. Nxf5 Ra8 26. c6 Kf7 27. d7 a3
28. Rxb3 Ra6 29. b5 Ra4 30. Nd6+ Kg6 31. Kb1 a2+ 32. Ka1 h5 33. Re8 Raa8 34. b6
Ra4 35. Rxd8 1-0

[Event "Challenge"]
[Site "http://www.queenalice.com/game.php?id=1046210"]
[Date "2012.4.5"]
[Round "-"]
[White "aquatico"]
[Black "skorpion"]
[Result "0-1"]
[WhiteElo "1851"]
[BlackElo "2723"]

1. b4 d5 2. c4 Nf6 3. e3 e5 4. Qb3 Nc6 5. cxd5 Nxb4 6. Bb5+ Bd7 7. Nc3 Bxb5 8.
Nxb5 Qd7 9. Na3 e4 10. Nc2 Nd3+ 11. Kf1 Nc5 12. Qc4 b5 13. Qd4 a5 14. Qe5+ Be7
15. h3 Nd3 16. Qg5 Nxd5 17. Qxg7 Bf6 18. Qg4 Qxg4 19. hxg4 Bxa1 20. Nxa1 Nxc1
21. Rh5 O-O-O 22. f3 Nxe3+ 23. dxe3 Rd1+ 24. Kf2 Nd3+ 25. Kg3 Rxa1 26. Rxb5 Rxg1
27. fxe4 Re8 28. Kh2 Re1 29. Rxa5 Rxe4 30. g3 R4xe3 31. Kg2 R3e2+ 32. Kf3 Rf2#
0-1

[Event "Challenge"]
[Site "http://www.queenalice.com/game.php?id=1046224"]
[Date "2012.4.5"]
[Round "-"]
[White "aquatico"]
[Black "kaskarker"]
[Result "1/2-1/2"]
[WhiteElo "1829"]
[BlackElo "1757"]

1. b4 d5 2. Bb2 Nd7 3. Nc3 e6 4. Nb5 c6 5. Na3 Ngf6 6. Nf3 Bxb4 7. c3 Bxa3 8.
Bxa3 c5 9. e3 O-O 10. Bb5 Qa5 11. Qa4 Qb6 12. O-O a6 13. d4 Rd8 14. Rab1 Qc7 15.
dxc5 Nxc5 16. Bxc5 Qxc5 17. Rb3 Bd7 18. Bxd7 Rxd7 19. Ne5 Rc7 20. Rfb1 Ra7 21.
Ng4 Nd7 22. e4 b5 23. Qd4 Qxd4 24. cxd4 dxe4 25. f3 exf3 26. Rxf3 Rc4 27. Rd1 f5
28. Ne5 Nxe5 29. dxe5 h6 30. Rfd3 Re4 31. Kf2 Rxe5 32. Kg3 Rf7 33. Rd6 f4+ 34.
Kf3 Re3+ 35. Kf2 a5 36. h4 Ra3 37. Rxe6 Rxa2+ 38. Kf3 b4 39. Rd8+ Kh7 40. Ree8
h5 41. Rh8+ Kg6 42. Rd6+ Rf6 43. Rd5 Rf5 44. Rd6+ Kf7 45. Ra8 Ra3+ 46. Ke4 Rf6
47. Ra7+ Kg6 48. Rd5 Re3+ 49. Kd4 Re2 50. Rg5+ Kh6 51. Raxa5 Rd6+ 52. Kc5 Ree6
53. Kxb4 g6 54. Kc4 Re4+ 55. Kc5 Rd2 56. Ra6 Re7 57. Raxg6+ Kh7 58. Rf6 Rg7 59.
Rxh5+ Kg8 60. Rxf4 Rdxg2 61. Rff5 R2g6 62. Rf4 Rc7+ 63. Kd5 Kg7 64. Ra4 Rd7+ 65.
Kc5 Rc7+ 66. Kb4 Rg4+ 67. Ka3 Rg3+ 68. Kb4 Rg4+ 69. Kb5 Rxa4 70. Rg5+ Kh6 71.
Kxa4 Rc4+ 1/2-1/2